Chroniques de l'oeil de boeuf au temps de Louis XIV, scènes, portraits, anecdotes, avec notes et appendices / (Record no. 104006)
[ view plain ]
| 000 -LEADER | |
|---|---|
| campo de control de longitud fija | 00979nam a2200241 i 4500 |
| 001 - NÚMERO DE CONTROL | |
| campo de control | 104006 |
| 003 - IDENTIFICADOR DE NÚMERO DE CONTROL | |
| campo de control | ES-MaACL |
| 005 - FECHA Y HORA DE LA ÚLTIMA TRANSACCIÓN | |
| campo de control | 20250704063117.0 |
| 007 - CAMPO FIJO DE DESCRIPCIÓN FÍSICA--INFORMACIÓN GENERAL | |
| campo de control de longitud fija | t| |
| 008 - DATOS DE LONGITUD FIJA--INFORMACIÓN GENERAL | |
| campo de control de longitud fija | 051122s1920 fr ||||1| fre d |
| 100 1# - ENTRADA PRINCIPAL--NOMBRE DE PERSONA | |
| Nombre de persona | Touchard-Lafosse, Georges, |
| Fechas asociadas al nombre | 1780-1847 |
| 9 (RLIN) | 133349 |
| 245 10 - MENCIÓN DEL TÍTULO | |
| Título | Chroniques de l'oeil de boeuf au temps de Louis XIV, scènes, portraits, anecdotes, avec notes et appendices / |
| Mención de responsabilidad, etc. | par Albert Meyrac,. |
| Número de parte o sección de la obra | I, |
| Nombre de parte o sección de la obra | De Louis XIII à Madame de Maintenon [Georges Touchard-Lafosse]. |
| 260 ## - PUBLICACIÓN, DISTRIBUCIÓN, ETC. | |
| Lugar de publicación, distribución, etc. | Paris : |
| Nombre del editor, distribuidor, etc. | Albin Michel, |
| Fecha de publicación, distribución, etc. | [1920?] |
| 300 ## - DESCRIPCIÓN FÍSICA | |
| Extensión | 8 lám., 462 p. ; |
| Dimensiones | 22 cm. |
| 500 ## - NOTA GENERAL | |
| Nota general | Precede al tít.: Chroniques indiscretes et galantes d'autrefois. |
| 600 07 - PUNTO DE ACCESO ADICIONAL DE MATERIA--NOMBRE DE PERSONA | |
| Nombre de persona | Luis |
| Numeración | XIII, |
| Títulos y otros términos asociados al nombre | Rey de Francia |
| Fuente del encabezamiento o término | |
| 9 (RLIN) | 129133 |
| 600 04 - PUNTO DE ACCESO ADICIONAL DE MATERIA--NOMBRE DE PERSONA | |
| Nombre de persona | Luis |
| Numeración | XIV, |
| Títulos y otros términos asociados al nombre | Rey de Francia |
| 9 (RLIN) | 74697 |
| 600 07 - PUNTO DE ACCESO ADICIONAL DE MATERIA--NOMBRE DE PERSONA | |
| Nombre de persona | Luis |
| Numeración | XV, |
| Títulos y otros términos asociados al nombre | Rey de Francia |
| Fuente del encabezamiento o término | |
| 9 (RLIN) | 152777 |
| 650 #4 - PUNTO DE ACCESO ADICIONAL DE MATERIA--TÉRMINO DE MATERIA | |
| Término de materia o nombre geográfico como elemento de entrada | Corte y cortesanos- |
| Subdivisión geográfica | Francia. |
| 9 (RLIN) | 151835 |
| 700 0# - ENTRADA AGREGADA--NOMBRE PERSONAL | |
| Nombre de persona | Meyrac, Albert. |
| 9 (RLIN) | 80818 |
| 852 ## - LOCALIZACIÓN | |
| Ubicación | ES-MaACL |
| Número de control de estantería | G-5907 |
| Estatus retirado | Estado de pérdida | Estado de daño | No para préstamo | Biblioteca de origen | Biblioteca actual | Ubicación en estantería | Fecha de adquisición | Fuente de adquisición | Total de préstamos | Signatura topográfica completa | Código de barras | Visto por última vez | Precio de reemplazo | Tipo de ítem Koha |
|---|---|---|---|---|---|---|---|---|---|---|---|---|---|---|
| Biblioteca del Ateneo de Madrid | Biblioteca del Ateneo de Madrid | Depósito 2 | 17/01/2008 | G-5907 | 1108592 | 23/02/2023 | 23/02/2023 | Libro impreso |
